Nazioni Vincitori Coppa del Mondo di sci alpino - Uomini - Statistics

Statistiche generali
  • Questo quiz è stato fatto 36 volte
  • Il punteggio medio è 9 su 10
Statistiche sulle risposte
Continente Coppe maschili Nazione % Corretto
Europa 17 Austria
100%
Europa 4 Francia
100%
Europa 6 Italia
100%
America del Nord 5 Stati Uniti
100%
Europa 11 Svizzera
100%
Europa 6 Norvegia
94%
Europa 3 Svezia
91%
Europa 1 Croazia
71%
Europa 5 Lussemburgo
60%
Europa 1 Liechtenstein
51%
Nessun quiz corrispondente trovato
Distribuzione punteggi
Percentuale di utenti per punteggio
Percentile per numero di risposta
I tuoi punteggi nel tempo
Non hai fatto questo quiz